La vocación teatral de Antonio Machado / (Record no. 27752)

MARC details
000 -LEADER
campo de control de longitud fija 00641nam a2200193 i 4500
001 - NÚMERO DE CONTROL
campo de control 27752
003 - IDENTIFICADOR DE NÚMERO DE CONTROL
campo de control ES-MaACL
005 - FECHA Y HORA DE LA ÚLTIMA TRANSACCIÓN
campo de control 20230906153713.0
007 - CAMPO FIJO DE DESCRIPCIÓN FÍSICA--INFORMACIÓN GENERAL
campo de control de longitud fija t|
008 - DATOS DE LONGITUD FIJA--INFORMACIÓN GENERAL
campo de control de longitud fija 030115s1976 sp ||||1| spa d
100 1# - ENTRADA PRINCIPAL--NOMBRE DE PERSONA
Nombre de persona Baamonde, Miguel Angel.
9 (RLIN) 24397
245 13 - MENCIÓN DEL TÍTULO
Título La vocación teatral de Antonio Machado /
Mención de responsabilidad, etc. Miguel Angel Baamonde.
260 ## - PUBLICACIÓN, DISTRIBUCIÓN, ETC.
Lugar de publicación, distribución, etc. Madrid :
Nombre del editor, distribuidor, etc. Gredos,
Fecha de publicación, distribución, etc. [1976]
300 ## - DESCRIPCIÓN FÍSICA
Extensión 306 p. ;
Dimensiones 21 cm.
490 1# - MENCIÓN DE SERIE
Mención de serie Biblioteca románica hispánica. II. Estudios y ensayos ;
Designación de volumen o secuencia 244
830 0# - PUNTO DE ACCESO ADICIONAL DE SERIE-TÍTULO UNIFORME
Título uniforme Biblioteca románica hispánica. II. Estudios y ensayos ;
Designación de volumen o secuencia 244
9 (RLIN) 178108
852 ## - LOCALIZACIÓN
Ubicación ES-MaACL
Número de control de estantería A-5824
Sublocalización o colección R.94843
Holdings
Estatus retirado Estado de pérdida Estado de daño No para préstamo Biblioteca de origen Biblioteca actual Ubicación en estantería Fecha de adquisición Fuente de adquisición Total de préstamos Signatura topográfica completa Código de barras Visto por última vez Precio de reemplazo Tipo de ítem Koha
        Biblioteca del Ateneo de Madrid Biblioteca del Ateneo de Madrid Sala Pecera Planta 1 17/01/2008     A-5824 1028658 23/02/2023 23/02/2023 Libro impreso